000 01105cam a2200349 4500
001 ABS67818
008 040514n2004 000 0 eng u
035 _a(Sirsi) u126202
245 _aEurope's occupiers come out of hibernation
260 _c2004
490 _aEuroproperty
_v April 2004, 15-16(2)
520 _aAfter months of low rents and high vacancy rates, tenant demand is picking up in a number of European cities. In London, banks are taking back space they had planned to sublet, Paris has seen record take-up and Milan and Madrid have also seen more lettings. Graphs and tables. [Taken from journal abstract].
590 _aABS
590 _aABS
650 _aEUROPE
650 _aOCCUPIERS
650 _aVACANCY RATES
650 _aOFFICE RENTS
650 _aTENANT DEMAND
650 _aLONDON
650 _aPARIS
650 _aMILAN
650 _aMADRID
650 _aBRUSSELS
650 _aFRANKFURT
650 _aBERLIN
650 _aBARCELONA
650 _aHAMBURG
650 _aINVESTMENT BANKS
690 _aCOMMERCIAL PROPERTY-MARKET
942 _n0
999 _c117354
_d117354